00246nam a2200109Ia 4500008004100000082001600041100001500057245002500072260002300097300000800120650000800128191201s2012 xx 000 0 und d a658.15bDEM aDEAN, Joel 0aManagerial Economics aN.DelhibPHIc2012 a621 aMBA